The Nonlinear Workbook : Chaos, Fractals, Cellular Automata, Neural Networks, Genetic Algorithms, Gene Expression Programming, Wavelets, Fuzzy Logic with C++, Java, SymbolicC++ and Reduce Programs /

Contenido: Mapas no lineales y caóticos; Análisis de series de tiempo; Sistemas autónomos en el plano; Sistemas hamiltonianos no lineales; Sistemas disipativos no lineales; Sistemas de conducción no lineales; Control y sincronización del caos; Fractales; Autómatas celulares; Solución de ecuaciones d...

Popoln opis

Shranjeno v:
Bibliografske podrobnosti
Glavni avtor: Steeb, Willi-Hans (autor)
Drugi avtorji: Hardy, Yorick (colaboración) (colaboración), Stoop, Ruedi (colaboración) (colaboración)
Format: Knjiga
Jezik:angleščina
Izdano: Singapur : World Scientific, 2002, c2002
Izdaja:2a edición
Teme:
Oznake: Označite
Brez oznak, prvi označite!

MARC

LEADER 00000nam^a2200000^a^4500
001 000152954
005 20250521000000.0
009 20260310100302.162
020 |a 981-238-230-5 
037 |a Acervo ITESO - Biblioteca 
041 |a ING 
082 |a 121. 975  |b STE 
100 |a Steeb, Willi-Hans  |e (autor) 
245 1 4 |a The Nonlinear Workbook :  |b Chaos, Fractals, Cellular Automata, Neural Networks, Genetic Algorithms, Gene Expression Programming, Wavelets, Fuzzy Logic with C++, Java, SymbolicC++ and Reduce Programs /  |c W.H. Steeb ; colaboración de Y. Hardy, R. Stoop. 
250 |a 2a edición 
264 4 |a Singapur :  |b World Scientific,  |c 2002, c2002 
300 |a XVI, 622 p. 
336 |a texto  |b txt  |2 rdacontenido 
337 |a sin mediación  |b n  |2 rdamedio 
338 |a volumen  |b nc  |2 rdasoporte 
520 |a Contenido: Mapas no lineales y caóticos; Análisis de series de tiempo; Sistemas autónomos en el plano; Sistemas hamiltonianos no lineales; Sistemas disipativos no lineales; Sistemas de conducción no lineales; Control y sincronización del caos; Fractales; Autómatas celulares; Solución de ecuaciones diferenciales; Redes neurales; Algoritmos genéticos; Programación de la expresión genética; Trenes de ondas discretos; Conjuntos difusos y lógica difusa. 
649 |a XX 
650 |a Ondas 
650 |a Propagación de Ondas 
650 |a Caos 
650 |a Conjuntos Difusos 
650 |a Series de Tiempo 
650 |a Algoritmos Genéticos 
650 |a Ecuaciones Diferenciales 
650 |a Lógica Difusa 
650 |a Paquetes (Software) 
650 |a Programación (Software) 
650 |a Programación No Lineal 
650 |a Fractales 
650 |a Redes Neurales 
650 |a Robótica 
650 |a Control Automático 
650 |a Análisis Numérico 
650 |a Inteligencia Artificial 
650 |a Sistemas Hamiltonianos 
650 |a Sistemas Dinámicos 
650 |a Sistemas No Lineales 
650 |a Ingeniería Computacional 
650 |a Matemáticas 
650 |a Teoría de Sistemas 
700 |a Hardy, Yorick  |e (colaboración) 
700 |a Stoop, Ruedi  |e (colaboración) 
910 |a Fondo General 
920 |a Impresos - Libros 
930 |a Colección General 
905 |a 101 
901 |a 0500081603  |b IT1  |c ACC  |u 20250521 
902 |a https://opac.biblio.iteso.mx/vufind/Record/000152954